[Event "Redbull chessmasters 2019"]
[Site "Istambul"]
[Date "2019.11.24"]
[Round "7.2"]
[White "Eren, Ataberk"]
[Black "Tarlabasi, Emirhan"]
[Result "1/2-1/2"]
[WhiteElo "2284"]
[BlackElo "2316"]
[Annotator "TA"]
[PlyCount "101"]
[EventDate "2019.11.23"]
[EventType "k.o."]
[EventCountry "TUR"]
[SourceTitle "playchess.com"]
[Source "ChessBase"]
[SourceQuality "1"]

{[%evp 13,101,0,0,0,-4,0,6,0,0,0,0,0,0,-2,0,0,6,6,4,2,16,0,0,0,12,0,16,0,21,15,16,0,17,-18,-18,-18,-19,-21,-8,-18,0,0,0,-12,-8,-47,-2,-6,-3,-88,-1,-6,0,0,0,0,0,-2,0,-2,0,0,0,-14,0,0,0,0,0,0,0,0,8,23,25,0,0,0,0,0,0,0,64,0,0,0,72,0,0,0]} 1. e4 e6 2. d4 d5 3. Nd2 Be7 4. Ngf3 Nf6 5. Bd3 c5 6. exd5 Qxd5 7. dxc5 Nbd7 8. O-O {C03: French Tarrasch: Unusual Black 3rd moves} (8. b4 a5 9. Bc4 Qh5 10. c3 Nd5 11. Bxd5 Qxd5 12. a4 b6 13. O-O bxc5 14. b5 Bb7 15. c4 Qf5 {½-½ (44) Naiditsch,A (2716)-Edouard,R (2602) Mulhouse 2011}) 8... Nxc5 9. Bc4 Qd6 10. Qe2 O-O 11. Nb3 b6 12. Rd1 Qc7 13. Nxc5 Bxc5 14. Bg5 Ng4 $146 ({Predecessor:} 14... Bb7 15. Bxf6 gxf6 {½-½ (24) Marcotulli,G-Maduekwe,C WCCF email 2002}) 15. Bh4 $1 {[%cal Rh4g3] next Bg3 is good for White.} Bb7 {Threatens to win with ...Bxf3.} 16. Bg3 Qc6 17. Re1 a6 18. Bd3 b5 19. Rad1 Rac8 20. h3 Nh6 21. c3 Nf5 22. Bf4 b4 23. Bxf5 (23. Qc2 {feels hotter.} Qb6 24. Ne5 Rcd8 25. Bf1 Bd5 26. c4) 23... exf5 24. cxb4 Bxb4 {And now ...Rfe8 would win.} 25. Bd2 Bc5 26. Be3 Bd6 27. Qd3 Bb4 28. Bd2 Rfd8 29. Qe3 Bxd2 30. Rxd2 Re8 31. Qg5 {[#]} (31. Qd4 $11 {keeps the balance.}) 31... Rxe1+ (31... h6 $1 $17 32. Qh4 Rxe1+ 33. Nxe1 Qc1) 32. Nxe1 $11 Re8 33. Rd8 $1 {Black must now prevent Qe7.} h6 34. Qe7 Rxd8 35. Qxd8+ Kh7 36. Qd2 Qe4 37. a3 g5 38. Qe3 Qb1 39. Qd2 Be4 40. Kh2 Qa2 41. f3 Bd5 42. Nd3 {Hoping for Nb4.} Be6 43. Nc5 Qc4 44. Nxe6 (44. Qd6 {seems wilder.} Qc2 45. b4 Bc4 46. Qd7 Kg8 47. Qc8+) 44... Qxe6 {[%mdl 4096] Endgame KQ-KQ} 45. Qd4 h5 46. h4 g4 47. Qf4 Qf6 ({Black should play} 47... gxf3 $11 48. Qxf3 (48. gxf3 Qe2+ 49. Kg3 Qe1+ 50. Kg2 Qe2+ 51. Kh1 Qe1+ 52. Kh2 Qe2+ 53. Kh3 Qf1+ 54. Kh2 Qe2+ $11) 48... Qe5+ 49. Kh3 f4) 48. Kg3 (48. Qg5 $1 $14 Qd6+ 49. f4) 48... Qe6 49. Kh2 Qf6 {[#]} (49... gxf3 $11 50. Qxf3 (50. gxf3 Qe2+ 51. Kh3 Qf1+ 52. Kh2 Qe2+ 53. Kh3 Qf1+ 54. Kh2 Qe2+ $11) 50... Qe5+ 51. Kh3 f4) 50. Kg3 (50. Qg5 $1 $16 {[%cal Rg5f6]} Qxg5 51. hxg5) 50... Qe6 51. Kh2 {Accuracy: White = 56%, Black = 49%.} 1/2-1/2

[Event "Redbull chessmasters 2019"]
[Site "Istambul"]
[Date "2019.11.24"]
[Round "7.3"]
[White "Gunduz, Umut Erdem"]
[Black "Kesgin, Halit Kaan"]
[Result "1-0"]
[WhiteElo "2172"]
[BlackElo "2061"]
[Annotator "NA"]
[PlyCount "135"]
[EventDate "2019.11.23"]
[EventType "k.o."]
[EventCountry "TUR"]
[SourceTitle "playchess.com"]
[Source "ChessBase"]
[SourceQuality "1"]
[TimeControl "600+5"]

1. e4 {[%emt 0:00:00]} e6 {[%emt 0:00:00]} 2. d4 {[%emt 0:00:05]} d5 {[%emt 0:00:05]} 3. Nc3 {[%emt 0:00:00]} Bb4 {[%emt 0:00:00]} 4. exd5 {[%emt 0:00:00]} exd5 {[%emt 0:00:01]} 5. Bd3 {[%emt 0:00:00]} Nf6 {[%emt 0:00:07]} 6. Qf3 {[%emt 0:00:10]} Nc6 {[%emt 0:00:21]} 7. Nge2 {[%emt 0:00:20]} Be6 {[%emt 0:01:08]} 8. Be3 {[%emt 0:00:26]} Qd7 {[%emt 0:00:17]} 9. h3 {[%emt 0:00:04]} h6 {[%emt 0:00:38]} 10. O-O-O {[%emt 0:00:07]} O-O-O {[%emt 0:00:08]} 11. a3 {[%emt 0:00:08]} Ba5 {[%emt 0:00:34]} 12. g4 {[%emt 0:00:05]} Ne8 {[%emt 0:00:37]} 13. Qg2 {[%emt 0:01:19]} Kb8 {[%emt 0:00:34]} 14. Kb1 {[%emt 0:00:08]} Rf8 {[%emt 0:00:14]} 15. Na4 {[%emt 0:01:00]} Bb6 {[%emt 0:01:20]} 16. Nc5 {[%emt 0:00:45]} Bxc5 {[%emt 0:01:36]} 17. dxc5 {[%emt 0:00:01]} f5 {[%emt 0:00:10]} 18. Nf4 {[%emt 0:00:51]} fxg4 {[%emt 0:00:12]} 19. Nxe6 {[%emt 0:00:06]} Qxe6 {[%emt 0:00:04]} 20. hxg4 {[%emt 0:00:03]} d4 {[%emt 0:00:13]} 21. Bd2 {[%emt 0:00:55]} Nf6 {[%emt 0:00:19]} 22. g5 {[%emt 0:00:01]} hxg5 {[%emt 0:00:24]} 23. Rde1 {[%emt 0:02:41]} Qg4 {[%emt 0:00:27]} 24. Qh2 {[%emt 0:00:14]} Qf3 {[%emt 0:00:56]} 25. Bxg5 {[%emt 0:00:58]} Qd5 {[%emt 0:00:04]} 26. Bf4 {[%emt 0:00:03]} Rc8 {[%emt 0:00:29]} 27. b4 {[%emt 0:00:14]} g5 {[%emt 0:00:58]} 28. Bc1 {[%emt 0:01:20]} Ng4 {[%emt 0:00:05]} 29. Qg3 {[%emt 0:00:01]} Nxf2 {[%emt 0:00:07]} 30. Rh5 {[%emt 0:00:05]} Nxd3 {[%emt 0:00:14]} 31. Qxd3 {[%emt 0:00:01]} Rf3 {[%emt 0:00:00]} 32. Rxg5 {[%emt 0:00:09]} Qxg5 {[%emt 0:00:08]} 33. Qxf3 {[%emt 0:00:16]} Qg6 {[%emt 0:00:07]} 34. b5 {[%emt 0:00:03]} Na5 {[%emt 0:00:09]} 35. Qd5 {[%emt 0:00:05]} Qg3 {[%emt 0:00:05]} 36. Bd2 {[%emt 0:00:05]} c6 {[%emt 0:00:00]} 37. Qf7 {[%emt 0:00:05]} Ka8 {[%emt 0:00:08]} 38. Bxa5 {[%emt 0:00:03]} cxb5 {[%emt 0:00:02]} 39. Qe8 {[%emt 0:00:13]} Qg4 {[%emt 0:00:05]} 40. Qe4 {[%emt 0:00:05]} Qg3 {[%emt 0:00:01]} 41. Qxd4 {[%emt 0:00:03]} Qxa3 {[%emt 0:00:05]} 42. Bb4 {[%emt 0:00:04]} Qf3 {[%emt 0:00:05]} 43. Kb2 {[%emt 0:00:02]} a6 {[%emt 0:00:11]} 44. Re3 {[%emt 0:00:05]} Qc6 {[%emt 0:00:05]} 45. Qd6 {[%emt 0:00:05]} Ka7 {[%emt 0:00:00]} 46. Re7 {[%emt 0:00:01]} a5 {[%emt 0:00:07]} 47. Bxa5 {[%emt 0:00:11]} Qxc5 {[%emt 0:00:04]} 48. Qxc5+ {[%emt 0:00:08]} Rxc5 {[%emt 0:00:00]} 49. Bb4 {[%emt 0:00:05]} Rf5 {[%emt 0:00:05]} 50. Kb3 {[%emt 0:00:03]} Rg5 {[%emt 0:00:05]} 51. Bd6 {[%emt 0:00:04]} Kb6 {[%emt 0:00:00]} 52. Re5 {[%emt 0:00:05]} Rg3+ {[%emt 0:00:04]} 53. c3 {[%emt 0:00:00]} Rg4 {[%emt 0:00:08]} 54. Re6 {[%emt 0:00:01]} Ka7 {[%emt 0:00:15]} 55. Bc5+ {[%emt 0:00:01]} Kb8 {[%emt 0:00:02]} 56. Rb6 {[%emt 0:00:02]} Kc7 {[%emt 0:00:02]} 57. Rxb5 {[%emt 0:00:17]} Kc6 {[%emt 0:00:05]} 58. c4 {[%emt 0:00:01]} Rg2 {[%emt 0:00:00]} 59. Bd4 {[%emt 0:00:06]} Rh2 {[%emt 0:00:06]} 60. Rb6+ {[%emt 0:00:01]} Kd7 {[%emt 0:00:16]} 61. Rxb7+ {[%emt 0:00:02]} Kc6 {[%emt 0:00:01]} 62. Rb6+ {[%emt 0:00:02]} Kd7 {[%emt 0:00:00]} 63. Rg6 {[%emt 0:00:06]} Rh1 {[%emt 0:00:01]} 64. Kb4 {[%emt 0:00:10]} Rh4 {[%emt 0:00:04]} 65. Bc3 {[%emt 0:00:08]} Rh5 {[%emt 0:00:03]} 66. c5 {[%emt 0:00:03]} Rh1 {[%emt 0:00:02]} 67. Kc4 {[%emt 0:00:03]} Rh4+ {[%emt 0:00:05]} 68. Bd4 {[%emt 0:00:01]} 1-0

[Event "Redbull chessmasters 2019"]
[Site "Istambul"]
[Date "2019.11.24"]
[Round "7.4"]
[White "Yildiz Kadioglu, Betul Cemre"]
[Black "Kalayci, Nino"]
[Result "1-0"]
[WhiteElo "2338"]
[BlackElo "1852"]
[Annotator "NA"]
[PlyCount "55"]
[EventDate "2019.11.23"]
[EventType "k.o."]
[EventCountry "TUR"]
[SourceTitle "playchess.com"]
[Source "ChessBase"]
[SourceQuality "1"]
[TimeControl "600+5"]

1. d4 {[%emt 0:00:00]} d5 {[%emt 0:00:03]} 2. Nf3 {[%emt 0:00:00]} Nf6 {[%emt 0:00:04]} 3. c4 {[%emt 0:00:04]} e6 {[%emt 0:00:00]} 4. g3 {[%emt 0:00:20]} c6 {[%emt 0:00:03]} 5. Bg2 {[%emt 0:00:05]} Be7 {[%emt 0:00:12]} 6. O-O {[%emt 0:00:00]} O-O {[%emt 0:00:06]} 7. Qc2 {[%emt 0:00:02]} Nbd7 {[%emt 0:00:20]} 8. Nbd2 {[%emt 0:00:02]} Re8 {[%emt 0:02:33]} 9. e4 {[%emt 0:00:25]} dxe4 {[%emt 0:00:10]} 10. Nxe4 {[%emt 0:00:07]} Nxe4 {[%emt 0:00:05]} 11. Qxe4 {[%emt 0:00:05]} Nf6 {[%emt 0:00:05]} 12. Qe2 {[%emt 0:00:03]} h6 {[%emt 0:00:34]} 13. Rd1 {[%emt 0:00:48]} Bd6 {[%emt 0:00:54]} 14. Ne5 {[%emt 0:01:27]} Qe7 {[%emt 0:00:30]} 15. Bf4 {[%emt 0:00:52]} c5 {[%emt 0:01:17]} 16. dxc5 {[%emt 0:00:52]} Bxc5 {[%emt 0:00:02]} 17. Nd3 {[%emt 0:00:15]} Bd6 {[%emt 0:01:01]} 18. Bxd6 {[%emt 0:01:55]} Qxd6 {[%emt 0:00:09]} 19. Qe5 {[%emt 0:00:10]} Qe7 {[%emt 0:00:33]} 20. h3 {[%emt 0:01:19]} Nd7 {[%emt 0:00:05]} 21. Qc7 {[%emt 0:00:01]} Nb6 {[%emt 0:00:45]} 22. Qxe7 {[%emt 0:00:32]} Rxe7 {[%emt 0:00:01]} 23. b3 {[%emt 0:00:11]} Nd7 {[%emt 0:00:35]} 24. Nf4 {[%emt 0:00:19]} Rb8 {[%emt 0:00:37]} 25. Rd6 {[%emt 0:00:15]} b5 {[%emt 0:00:45]} 26. cxb5 {[%emt 0:00:26]} Rxb5 {[%emt 0:00:02]} 27. Rc1 {[%emt 0:00:22]} Bb7 {[%emt 0:00:08]} 28. Rc7 {[%emt 0:00:06]} 1-0

[Event "Redbull chessmasters 2019"]
[Site "Istambul"]
[Date "2019.11.24"]
[Round "7.5"]
[White "Inan, Canberk"]
[Black "Alaz, Ahmet Efekan"]
[Result "0-1"]
[WhiteElo "1941"]
[BlackElo "2288"]
[Annotator "NA"]
[PlyCount "74"]
[EventDate "2019.11.23"]
[EventType "k.o."]
[EventCountry "TUR"]
[SourceTitle "playchess.com"]
[Source "ChessBase"]
[SourceQuality "1"]
[TimeControl "600+5"]

1. d4 {[%emt 0:00:00]} d5 {[%emt 0:00:00]} 2. c4 {[%emt 0:00:05]} c6 {[%emt 0:00:05]} 3. Nf3 {[%emt 0:00:05]} Nf6 {[%emt 0:00:05]} 4. Nc3 {[%emt 0:00:05]} a6 {[%emt 0:00:00]} 5. b3 {[%emt 0:00:00]} b5 {[%emt 0:00:33]} 6. e3 {[%emt 0:00:04]} Bg4 {[%emt 0:00:05]} 7. Be2 {[%emt 0:00:01]} e6 {[%emt 0:01:07]} 8. O-O {[%emt 0:00:02]} Nbd7 {[%emt 0:00:22]} 9. Ne5 {[%emt 0:00:30]} Bxe2 {[%emt 0:01:03]} 10. Qxe2 {[%emt 0:00:05]} Nxe5 {[%emt 0:00:05]} 11. dxe5 {[%emt 0:00:05]} Nd7 {[%emt 0:00:05]} 12. f4 {[%emt 0:00:21]} Bc5 {[%emt 0:00:40]} 13. Kh1 {[%emt 0:00:47]} O-O {[%emt 0:00:12]} 14. cxd5 {[%emt 0:01:46]} cxd5 {[%emt 0:00:05]} 15. Bb2 {[%emt 0:00:04]} Qe7 {[%emt 0:02:38]} 16. Rad1 {[%emt 0:01:10]} Rad8 {[%emt 0:00:49]} 17. e4 {[%emt 0:01:48]} d4 {[%emt 0:00:44]} 18. Nb1 {[%emt 0:00:05]} Nb8 {[%emt 0:00:06]} 19. Rf3 {[%emt 0:01:01]} f6 {[%emt 0:00:44]} 20. exf6 {[%emt 0:00:25]} Qxf6 {[%emt 0:00:58]} 21. Qd3 {[%emt 0:02:18]} e5 {[%emt 0:00:32]} 22. b4 {[%emt 0:00:11]} Bb6 {[%emt 0:00:15]} 23. Rdf1 {[%emt 0:00:12]} Qe7 {[%emt 0:00:36]} 24. fxe5 {[%emt 0:00:15]} Rxf3 {[%emt 0:00:02]} 25. Rxf3 {[%emt 0:00:00]} Rf8 {[%emt 0:00:07]} 26. Bxd4 {[%emt 0:00:25]} Rxf3 {[%emt 0:00:04]} 27. gxf3 {[%emt 0:00:06]} Bc7 {[%emt 0:00:04]} 28. Qb3+ {[%emt 0:00:05]} Kh8 {[%emt 0:00:01]} 29. Qc3 {[%emt 0:00:05]} h6 {[%emt 0:00:08]} 30. Nd2 {[%emt 0:00:07]} Bd8 {[%emt 0:00:05]} 31. Qc8 {[%emt 0:00:01]} Nd7 {[%emt 0:00:03]} 32. Bc5 {[%emt 0:00:15]} Nxc5 {[%emt 0:00:05]} 33. bxc5 {[%emt 0:00:05]} Qh4 {[%emt 0:00:02]} 34. Kg2 {[%emt 0:00:04]} Qg5+ {[%emt 0:00:02]} 35. Kf1 {[%emt 0:00:11]} Qxd2 {[%emt 0:00:05]} 36. e6 {[%emt 0:00:05]} Kh7 {[%emt 0:00:05]} 37. c6 {[%emt 0:00:05]} Bh4 {[%emt 0:00:03]} 0-1

[Event "Redbull chessmasters 2019"]
[Site "Istambul"]
[Date "2019.11.24"]
[Round "7.6"]
[White "Cingoz, Ozan"]
[Black "Ozdemir, Serhan Berat"]
[Result "1-0"]
[WhiteElo "2031"]
[BlackElo "2096"]
[Annotator "NA"]
[PlyCount "75"]
[EventDate "2019.11.23"]
[EventType "k.o."]
[EventCountry "TUR"]
[SourceTitle "playchess.com"]
[Source "ChessBase"]
[SourceQuality "1"]
[TimeControl "600+5"]

1. d4 {[%emt 0:00:00]} Nf6 {[%emt 0:00:00]} 2. Nf3 {[%emt 0:00:05]} g6 {[%emt 0:00:05]} 3. Nc3 {[%emt 0:00:05]} d5 {[%emt 0:00:00]} 4. Bf4 {[%emt 0:00:00]} Bg7 {[%emt 0:00:03]} 5. Qd2 {[%emt 0:00:00]} O-O {[%emt 0:00:07]} 6. Bh6 {[%emt 0:00:00]} c5 {[%emt 0:00:32]} 7. Bxg7 {[%emt 0:00:35]} Kxg7 {[%emt 0:00:01]} 8. dxc5 {[%emt 0:00:21]} Nc6 {[%emt 0:00:38]} 9. Rd1 {[%emt 0:00:01]} Be6 {[%emt 0:00:59]} 10. e3 {[%emt 0:02:26]} Rc8 {[%emt 0:01:07]} 11. Nd4 {[%emt 0:01:09]} Bg4 {[%emt 0:01:08]} 12. f3 {[%emt 0:00:35]} Bd7 {[%emt 0:00:01]} 13. Nxc6 {[%emt 0:00:08]} Bxc6 {[%emt 0:00:38]} 14. b4 {[%emt 0:00:05]} e6 {[%emt 0:00:49]} 15. Be2 {[%emt 0:01:02]} Qe7 {[%emt 0:00:51]} 16. O-O {[%emt 0:00:20]} Rfd8 {[%emt 0:00:01]} 17. Nb5 {[%emt 0:00:52]} Ne8 {[%emt 0:01:23]} 18. Nxa7 {[%emt 0:00:05]} Ra8 {[%emt 0:00:00]} 19. Nxc6 {[%emt 0:00:09]} bxc6 {[%emt 0:00:00]} 20. c4 {[%emt 0:00:17]} Kg8 {[%emt 0:00:23]} 21. cxd5 {[%emt 0:00:29]} exd5 {[%emt 0:00:03]} 22. Ra1 {[%emt 0:00:05]} Ra3 {[%emt 0:00:05]} 23. Kf2 {[%emt 0:00:20]} Qh4+ {[%emt 0:00:21]} 24. Kg1 {[%emt 0:00:11]} Qe7 {[%emt 0:00:33]} 25. Kf2 {[%emt 0:00:06]} f5 {[%emt 0:00:47]} 26. Qd4 {[%emt 0:00:05]} Nc7 {[%emt 0:00:00]} 27. Rfb1 {[%emt 0:00:31]} Ne6 {[%emt 0:00:58]} 28. Qe5 {[%emt 0:00:05]} Qh4+ {[%emt 0:00:06]} 29. Kg1 {[%emt 0:00:16]} Re8 {[%emt 0:00:01]} 30. Rb3 {[%emt 0:00:05]} Rxb3 {[%emt 0:00:29]} 31. axb3 {[%emt 0:00:05]} Ng7 {[%emt 0:00:01]} 32. Qc3 {[%emt 0:01:05]} d4 {[%emt 0:00:24]} 33. Bc4+ {[%emt 0:00:05]} Kh8 {[%emt 0:00:05]} 34. Qxd4 {[%emt 0:00:00]} Qe7 {[%emt 0:00:04]} 35. Kf2 {[%emt 0:00:45]} Qe5 {[%emt 0:00:12]} 36. Qxe5 {[%emt 0:00:02]} Rxe5 {[%emt 0:00:00]} 37. Ra8+ {[%emt 0:00:06]} Ne8 {[%emt 0:00:00]} 38. Bf7 {[%emt 0:00:00]} 1-0

[Event "Redbull chessmasters 2019"]
[Site "Istambul"]
[Date "2019.11.24"]
[Round "7.7"]
[White "Ozsakallioglu, Okan"]
[Black "Can, Melih Kaan"]
[Result "1/2-1/2"]
[WhiteElo "2072"]
[BlackElo "2138"]
[Annotator "NA"]
[PlyCount "96"]
[EventDate "2019.11.23"]
[EventType "k.o."]
[EventCountry "TUR"]
[SourceTitle "playchess.com"]
[Source "ChessBase"]
[SourceQuality "1"]
[TimeControl "600+5"]

1. e4 {[%emt 0:00:00]} e5 {[%emt 0:00:00]} 2. Qh5 {[%emt 0:00:02]} Nc6 {[%emt 0:00:08]} 3. Bc4 {[%emt 0:00:02]} g6 {[%emt 0:00:12]} 4. Qf3 {[%emt 0:00:05]} Nf6 {[%emt 0:00:05]} 5. Ne2 {[%emt 0:00:00]} Bg7 {[%emt 0:00:03]} 6. h3 {[%emt 0:00:03]} d6 {[%emt 0:00:05]} 7. d3 {[%emt 0:00:05]} a6 {[%emt 0:00:07]} 8. Bb3 {[%emt 0:00:06]} Na5 {[%emt 0:00:30]} 9. Nbc3 {[%emt 0:00:05]} Nxb3 {[%emt 0:00:05]} 10. axb3 {[%emt 0:00:05]} Be6 {[%emt 0:00:05]} 11. d4 {[%emt 0:00:00]} exd4 {[%emt 0:00:57]} 12. Nxd4 {[%emt 0:00:00]} Bd7 {[%emt 0:00:32]} 13. O-O {[%emt 0:00:22]} O-O {[%emt 0:00:03]} 14. Bg5 {[%emt 0:00:19]} h6 {[%emt 0:00:26]} 15. Bh4 {[%emt 0:00:04]} c5 {[%emt 0:01:46]} 16. Nde2 {[%emt 0:00:26]} g5 {[%emt 0:00:05]} 17. Bg3 {[%emt 0:00:01]} Bc6 {[%emt 0:00:00]} 18. Rad1 {[%emt 0:00:09]} Re8 {[%emt 0:00:00]} 19. Bxd6 {[%emt 0:01:38]} Nxe4 {[%emt 0:00:07]} 20. Nxe4 {[%emt 0:01:27]} Bxe4 {[%emt 0:00:03]} 21. Qg4 {[%emt 0:00:15]} Bxc2 {[%emt 0:00:57]} 22. Rd2 {[%emt 0:00:00]} Bg6 {[%emt 0:00:19]} 23. Ng3 {[%emt 0:00:29]} Qb6 {[%emt 0:00:50]} 24. Rfd1 {[%emt 0:00:56]} Qxb3 {[%emt 0:00:48]} 25. Bxc5 {[%emt 0:00:14]} Qe6 {[%emt 0:00:46]} 26. Qb4 {[%emt 0:00:08]} b5 {[%emt 0:00:15]} 27. Bd4 {[%emt 0:00:12]} Rad8 {[%emt 0:00:12]} 28. Bxg7 {[%emt 0:00:38]} Rxd2 {[%emt 0:00:05]} 29. Rxd2 {[%emt 0:00:09]} Kxg7 {[%emt 0:00:00]} 30. Kh2 {[%emt 0:00:41]} Qe5 {[%emt 0:00:05]} 31. Re2 {[%emt 0:00:15]} Qb8 {[%emt 0:00:28]} 32. Qd4+ {[%emt 0:00:51]} Kh7 {[%emt 0:00:12]} 33. Rxe8 {[%emt 0:01:08]} Qxe8 {[%emt 0:00:03]} 34. f4 {[%emt 0:00:16]} gxf4 {[%emt 0:00:11]} 35. Qxf4 {[%emt 0:00:02]} Qe6 {[%emt 0:00:12]} 36. h4 {[%emt 0:00:01]} h5 {[%emt 0:00:11]} 37. Kg1 {[%emt 0:01:10]} a5 {[%emt 0:00:11]} 38. Kf2 {[%emt 0:00:10]} a4 {[%emt 0:00:24]} 39. Qg5 {[%emt 0:00:02]} Qb3 {[%emt 0:00:36]} 40. Nxh5 {[%emt 0:00:21]} Qxb2+ {[%emt 0:00:19]} 41. Kg3 {[%emt 0:00:02]} Bxh5 {[%emt 0:00:52]} 42. Qxh5+ {[%emt 0:00:05]} Kg8 {[%emt 0:00:05]} 43. Kh2 {[%emt 0:00:00]} a3 {[%emt 0:00:04]} 44. Qg5+ {[%emt 0:00:10]} Kf8 {[%emt 0:00:05]} 45. Qd8+ {[%emt 0:00:05]} Kg7 {[%emt 0:00:05]} 46. Qg5+ {[%emt 0:00:00]} Kf8 {[%emt 0:00:02]} 47. Qd8+ {[%emt 0:00:00]} Kg7 {[%emt 0:00:05]} 48. Qg5+ {[%emt 0:00:03]} Kf8 {[%emt 0:00:00]} 1/2-1/2

[Event "Redbull chessmasters 2019"]
[Site "Istambul"]
[Date "2019.11.24"]
[Round "7.8"]
[White "Yanik, Sural Emine"]
[Black "Duru, Ipek"]
[Result "1/2-1/2"]
[WhiteElo "1834"]
[BlackElo "1566"]
[Annotator "NA"]
[PlyCount "109"]
[EventDate "2019.11.23"]
[EventType "k.o."]
[EventCountry "TUR"]
[SourceTitle "playchess.com"]
[Source "ChessBase"]
[SourceQuality "1"]
[TimeControl "600+5"]

1. d4 {[%emt 0:00:00]} Nf6 {[%emt 0:00:00]} 2. Nf3 {[%emt 0:00:05]} e6 {[%emt 0:00:05]} 3. Bg5 {[%emt 0:00:05]} Be7 {[%emt 0:00:05]} 4. e3 {[%emt 0:00:05]} d5 {[%emt 0:00:00]} 5. Bd3 {[%emt 0:00:00]} h6 {[%emt 0:00:00]} 6. Bh4 {[%emt 0:00:00]} b6 {[%emt 0:00:00]} 7. c3 {[%emt 0:00:06]} Bb7 {[%emt 0:00:00]} 8. Ne5 {[%emt 0:00:43]} Nbd7 {[%emt 0:00:00]} 9. Bb5 {[%emt 0:00:21]} O-O {[%emt 0:00:00]} 10. Nd2 {[%emt 0:01:22]} Nxe5 {[%emt 0:00:53]} 11. dxe5 {[%emt 0:00:05]} Nd7 {[%emt 0:00:05]} 12. Bg3 {[%emt 0:00:05]} c6 {[%emt 0:00:05]} 13. Bd3 {[%emt 0:00:05]} Nc5 {[%emt 0:00:05]} 14. Bc2 {[%emt 0:00:05]} Ba6 {[%emt 0:00:05]} 15. Nf3 {[%emt 0:00:05]} Ne4 {[%emt 0:00:11]} 16. Bf4 {[%emt 0:00:52]} f6 {[%emt 0:00:38]} 17. Bd3 {[%emt 0:00:15]} Bxd3 {[%emt 0:00:26]} 18. Qxd3 {[%emt 0:00:01]} f5 {[%emt 0:00:31]} 19. h3 {[%emt 0:01:12]} Bh4 {[%emt 0:01:19]} 20. O-O {[%emt 0:00:14]} Be7 {[%emt 0:00:42]} 21. Nd4 {[%emt 0:00:08]} Qd7 {[%emt 0:00:24]} 22. f3 {[%emt 0:00:30]} Nc5 {[%emt 0:00:22]} 23. Qd2 {[%emt 0:00:12]} Nb7 {[%emt 0:01:26]} 24. Rad1 {[%emt 0:00:11]} c5 {[%emt 0:00:13]} 25. Nb3 {[%emt 0:00:21]} Qe8 {[%emt 0:00:32]} 26. e4 {[%emt 0:01:05]} fxe4 {[%emt 0:01:42]} 27. fxe4 {[%emt 0:00:42]} d4 {[%emt 0:00:16]} 28. cxd4 {[%emt 0:00:38]} cxd4 {[%emt 0:00:31]} 29. Qxd4 {[%emt 0:00:33]} Nc5 {[%emt 0:00:07]} 30. Qc4 {[%emt 0:00:46]} Qg6 {[%emt 0:00:17]} 31. Nxc5 {[%emt 0:00:17]} Bxc5+ {[%emt 0:00:05]} 32. Kh1 {[%emt 0:00:00]} Rac8 {[%emt 0:00:16]} 33. Qe2 {[%emt 0:00:05]} Rcd8 {[%emt 0:00:11]} 34. Rxd8 {[%emt 0:00:12]} Rxd8 {[%emt 0:00:00]} 35. Qg4 {[%emt 0:00:08]} Qxg4 {[%emt 0:00:27]} 36. hxg4 {[%emt 0:00:01]} Rf8 {[%emt 0:00:29]} 37. Rf3 {[%emt 0:00:09]} g5 {[%emt 0:00:12]} 38. Bc1 {[%emt 0:00:21]} Rxf3 {[%emt 0:00:05]} 39. gxf3 {[%emt 0:00:05]} Bd4 {[%emt 0:00:00]} 40. b3 {[%emt 0:00:33]} Bxe5 {[%emt 0:00:03]} 41. Kg2 {[%emt 0:00:05]} Kf7 {[%emt 0:00:05]} 42. Ba3 {[%emt 0:00:05]} Kg6 {[%emt 0:00:03]} 43. Be7 {[%emt 0:00:00]} h5 {[%emt 0:00:02]} 44. gxh5+ {[%emt 0:00:08]} Kxh5 {[%emt 0:00:03]} 45. Bb4 {[%emt 0:00:11]} g4 {[%emt 0:00:01]} 46. Bd2 {[%emt 0:00:12]} gxf3+ {[%emt 0:00:05]} 47. Kxf3 {[%emt 0:00:01]} Kh4 {[%emt 0:00:10]} 48. Be3 {[%emt 0:00:00]} Bc7 {[%emt 0:00:14]} 49. b4 {[%emt 0:00:02]} a6 {[%emt 0:00:09]} 50. a4 {[%emt 0:00:07]} b5 {[%emt 0:00:00]} 51. axb5 {[%emt 0:00:27]} axb5 {[%emt 0:00:02]} 52. Bc5 {[%emt 0:00:00]} Kg5 {[%emt 0:00:09]} 53. Be7+ {[%emt 0:00:00]} Kg6 {[%emt 0:00:05]} 54. Ke3 {[%emt 0:00:04]} e5 {[%emt 0:00:04]} 55. Bc5 {[%emt 0:00:22]} 1/2-1/2

[Event "Redbull chessmasters 2019"]
[Site "Istambul"]
[Date "2019.11.24"]
[Round "7.9"]
[White "Tasdogen, Dincer"]
[Black "Ererdem, Gani Eren"]
[Result "1-0"]
[WhiteElo "2301"]
[BlackElo "2105"]
[Annotator "NA"]
[PlyCount "73"]
[EventDate "2019.11.23"]
[EventType "k.o."]
[EventCountry "TUR"]
[SourceTitle "playchess.com"]
[Source "ChessBase"]
[SourceQuality "1"]
[TimeControl "600+5"]

1. e4 {[%emt 0:00:00]} g6 {[%emt 0:00:00]} 2. d4 {[%emt 0:00:07]} Bg7 {[%emt 0:00:00]} 3. Nc3 {[%emt 0:00:00]} c6 {[%emt 0:00:00]} 4. Nf3 {[%emt 0:00:08]} d5 {[%emt 0:00:03]} 5. h3 {[%emt 0:00:04]} Nf6 {[%emt 0:00:05]} 6. Bd3 {[%emt 0:00:06]} dxe4 {[%emt 0:00:00]} 7. Nxe4 {[%emt 0:00:05]} Nxe4 {[%emt 0:00:02]} 8. Bxe4 {[%emt 0:00:05]} O-O {[%emt 0:00:05]} 9. O-O {[%emt 0:00:05]} Nd7 {[%emt 0:00:05]} 10. c3 {[%emt 0:00:05]} c5 {[%emt 0:00:05]} 11. Re1 {[%emt 0:00:05]} cxd4 {[%emt 0:00:00]} 12. Nxd4 {[%emt 0:00:10]} Nc5 {[%emt 0:00:56]} 13. Bc2 {[%emt 0:00:02]} e5 {[%emt 0:01:40]} 14. Nf3 {[%emt 0:00:26]} Qc7 {[%emt 0:00:16]} 15. Be3 {[%emt 0:01:01]} b6 {[%emt 0:01:15]} 16. b4 {[%emt 0:01:19]} Rd8 {[%emt 0:00:06]} 17. Qb1 {[%emt 0:01:07]} Ne6 {[%emt 0:00:25]} 18. Be4 {[%emt 0:00:37]} Rb8 {[%emt 0:00:39]} 19. Qb3 {[%emt 0:00:08]} Nf4 {[%emt 0:02:13]} 20. Bxf4 {[%emt 0:00:57]} exf4 {[%emt 0:00:01]} 21. Bd5 {[%emt 0:00:00]} Bf5 {[%emt 0:00:59]} 22. Rac1 {[%emt 0:00:57]} b5 {[%emt 0:00:15]} 23. c4 {[%emt 0:00:28]} bxc4 {[%emt 0:00:21]} 24. Bxc4 {[%emt 0:00:10]} Qb7 {[%emt 0:00:45]} 25. b5 {[%emt 0:01:23]} Bf6 {[%emt 0:00:09]} 26. a4 {[%emt 0:00:04]} a6 {[%emt 0:00:27]} 27. Rcd1 {[%emt 0:01:29]} axb5 {[%emt 0:00:07]} 28. axb5 {[%emt 0:00:01]} Kg7 {[%emt 0:00:15]} 29. Rxd8 {[%emt 0:00:27]} Rxd8 {[%emt 0:00:05]} 30. Rd1 {[%emt 0:00:00]} Rxd1+ {[%emt 0:01:04]} 31. Qxd1 {[%emt 0:00:02]} Be4 {[%emt 0:00:05]} 32. Bf1 {[%emt 0:00:20]} g5 {[%emt 0:00:02]} 33. Nh2 {[%emt 0:00:05]} Qb6 {[%emt 0:00:04]} 34. Nf3 {[%emt 0:00:19]} h6 {[%emt 0:00:01]} 35. Bd3 {[%emt 0:00:09]} Bd5 {[%emt 0:00:13]} 36. Qe2 {[%emt 0:00:06]} Be6 {[%emt 0:00:12]} 37. Bc4 {[%emt 0:00:12]} 1-0